000 00307nam a22001337a 4500
008 170221b xxu||||| |||| 00| 0 eng d
020 _a9780880488174
041 _aeng
080 _22ND
_a615
100 _a5
101 _aSHF
245 _aTEXTBOOK OF PSYCHOPHARMACOLOGY
_cSCHATZBERG, A.F
942 _2udc
_cBK
999 _c6006
_d6006